Encyclopaedia of The Synthesis of Science Philosophy and Religion (Record no. 1393339)

MARC details
000 -LEADER
fixed length control field 00739nam a2200265Ia 4500
008 - FIXED-LENGTH DATA ELEMENTS--GENERAL INFORMATION
fixed length control field 160620s9999||||xx |||||||||||||| ||und||
040 ## - CATALOGING SOURCE
Transcribing agency English
082 ## - DEWEY DECIMAL CLASSIFICATION NUMBER
Classification number XVA/
082 ## - DEWEY DECIMAL CLASSIFICATION NUMBER
Item number BORI-101900
100 ## - MAIN ENTRY--PERSONAL NAME
Personal name H. P. Blavatsky
245 ## - TITLE STATEMENT
Title Encyclopaedia of The Synthesis of Science Philosophy and Religion
300 ## - PHYSICAL DESCRIPTION
Extent xi+482
300 ## - PHYSICAL DESCRIPTION
Other physical details Two
300 ## - PHYSICAL DESCRIPTION
Dimensions B
300 ## - PHYSICAL DESCRIPTION
Accompanying material Hardbound
530 ## - ADDITIONAL PHYSICAL FORM AVAILABLE NOTE
Uniform Resource Identifier <a href="00101900.pdf">00101900.pdf</a>
563 ## - BINDING INFORMATION
Binding note Ref
600 ## - SUBJECT ADDED ENTRY--PERSONAL NAME
Personal name H. P. Blavatsky
630 ## - SUBJECT ADDED ENTRY--UNIFORM TITLE
Uniform title Encyclopaedia of The Synthesis of Science Philosophy and Religion
650 ## - SUBJECT ADDED ENTRY--TOPICAL TERM
Topical term or geographic name as entry element Encyclopedia
650 ## - SUBJECT ADDED ENTRY--TOPICAL TERM
Topical term or geographic name as entry element Reference
700 ## - ADDED ENTRY--PERSONAL NAME
Personal name H. P. Blavatsky
730 ## - ADDED ENTRY--UNIFORM TITLE
Uniform title Encyclopaedia of The Synthesis of Science Philosophy and Religion
942 ## - ADDED ENTRY ELEMENTS (KOHA)
Koha item type Book
Holdings
Withdrawn status Lost status Damaged status Not for loan Home library Current library Date acquired Total Checkouts Full call number Barcode Date last seen Price effective from Koha item type
        Bhandarkar Oriental Research Institute, Pune Bhandarkar Oriental Research Institute, Pune 02/09/2009   BORI-101900 BORI-101900 06/21/2016 06/21/2016 Book